| 000 | 00324 a2200121 4500 | ||
|---|---|---|---|
| 005 | 20250524093508.0 | ||
| 082 | _a685.7 TES | ||
| 100 | _aTESHA, C. P. | ||
| 245 | _aWarehouse management Manual: Teach Yourself Series. | ||
| 260 |
_aDar es Salaam, _bNBMM, _c2000. |
||
| 300 |
_aviii, 206p.: ill.; figure _c20cm |
||
| 942 |
_2ddc _cBKS |
||
| 999 |
_c2605 _d2605 |
||